Journal of Applied Security Research

Na minha lista:
Detalhes bibliográficos
Formato: Periódico
Idioma:inglês
Publicado em: London Taylor & Francis
Tags: Adicionar Tag
Sem tags, seja o primeiro a adicionar uma tag!

MARC

LEADER 00000nls a2200000 4500
001 0281139
005 20250701092116.9
022 |a 1936-1629 
022 |a 1936-1610 
041 0 |a eng 
044 |a GB 
245 1 0 |a Journal of Applied Security Research 
264 1 |a London  |b Taylor & Francis